| 000 | 00849nam a2200205 i 4500 | ||
|---|---|---|---|
| 001 | 181224 | ||
| 003 | ES-MaACL | ||
| 005 | 20250812224326.0 | ||
| 008 | 121105s1919 sp |||| | spa d | ||
| 100 | 1 |
_aAraujo, Roberto. _9151793 |
|
| 245 | 1 | 4 |
_aLas curvas W / _cpor Roberto Araujo. |
| 260 |
_aMadrid : _bJunta para Ampliación de Estudios e Investigaciones Cientificas, _c1919 ( _fImp. Clasica Española) |
||
| 300 |
_a52 p. ; _c24 cm. |
||
| 490 | 1 |
_aPublicaciones del Laboratorio y Seminario Matemático ; _v3 ; _vMemoria 1ª |
|
| 650 | 4 |
_aCurvas. _9163425 |
|
| 710 | 2 |
_aJunta para la Ampliación de Estudios e Investigaciones Científicas. _95413 |
|
| 830 | 0 | 0 |
_aPublicaciones del Laboratorio y Seminario Matemático _v3 ; _vMemoria 1ª _9191411 |
| 852 |
_aES-MaACL _jB-13178(1) _z- Enc. en vol. facticio |
||
| 999 |
_c181224 _d181224 |
||